| 000 | 00785cam a2200265 a 4500 | ||
|---|---|---|---|
| 999 |
_c330647 _d330647 |
||
| 001 | 2993365 | ||
| 003 | NUST | ||
| 005 | 20170727104419.0 | ||
| 008 | 930226s1993 ii 000 1 urdo | ||
| 010 | _a 92912257 | ||
| 020 | _a8185360863 | ||
| 025 | _aI-U-8715 | ||
| 040 |
_aDLC _cDLC _dDLC |
||
| 050 | 0 | 0 |
_aPK2200.I57 _bA78 1993 |
| 082 |
_a891.4393 _bHUS |
||
| 100 | 0 |
_aIntiz̤ār Ḥusain, _d1925-2016. _93602 |
|
| 245 | 1 | 0 |
_aĀk̲h̲irī ādmī / _cIntiz̤ār Ḥusain. |
| 260 |
_aLahore : _bSang -e- Mil publications, _c2007. |
||
| 300 |
_a160 p. ; _c23 cm. |
||
| 500 | _aShort stories. | ||
| 546 | _aIn Urdu | ||
| 650 |
_aUrdu Literature _9347 |
||
| 880 |
_6100-01\(3\r _aانتظار حسین |
||
| 880 |
_6245-02\(3\r _aآخری آدمی _cانتظار حسین |
||
| 880 |
_6260-03\(3\r _aلاہور: _bسنگ میل پبلی کیشنز، _c2007 |
||
| 906 |
_a7 _bcbc _corignew _d3 _encip _f19 _gy-gencatlg |
||
| 942 |
_2ddc _cBK |
||